000 00654nam a2200241Ia 4500
005 20260430150417.0
008 008 250103s9999 xx 000 0 eng d
037 _aTheses
040 _aCRL
040 _beng
040 _ceng
041 _2eng
041 _aeng
084 _qCRL
100 _aJoon Sahil Au.; Bhairannavar Kiran Gu.
_91237419
245 0 _aNon-Metropolitan Sexualities: Same-Sex Sexual Practices Among Men in Haryana
260 _c2023
300 _a271p.
650 _aGeography
700 _aUniversity of Delhi. Faculty of Social Sciences. Deptt. of Geography
_91237405
942 _cTH
999 _c1849717
_d1849717